000 01068nam a2200277 a 4500
001 000025578
003 DO-SdBPM
005 20250401122634.0
008 110218s1993 dr a 000 0 spa d
040 _a DO-SdBPM
_bspa
_cBPMSU
082 4 _a324.97293
_bG861c 1993
_222
100 1 _aGrimaldi, Víctor,
_d1949-
100 z _aGrimaldi Céspedes, Víctor Manuel,
_d1949-
245 1 0 _aCrisis en 1990 y una agenda nacional más allá de 1994 /
_cVíctor Grimaldi ; prólogo Jimmy Carter.
260 _aSanto Domingo :
_bAmigo del Hogar,
_c1993.
300 _a167 p. :
_bil. ;
_c32 cm.
500 _aIncluye datos biográficos del autor en las solapas
500 _aIncluye referencias bibliográficas y notas al pie de las páginas
590 _aInventariado, 2025/VM
650 4 _aElecciones
_zRepública Dominicana
_y
651 4 _aRepública Dominicana
_xPolítica Y Gobierno
_y1961-
651 4 _aRepública Dominicana
_xCondiciones Económicas
_y1961-
700 1 _aCarter, Jimmy,
_eprólogo
910 _aVMateo V. Control de calidad. BPMSU
942 _2ddc
_cBK
999 _c15022
_d15022